Fashion marketing & merchandising / (Record no. 30967)

MARC details
000 -LEADER
fixed length control field 01633cam a22003618i 4500
001 - CONTROL NUMBER
control field 20041764
003 - CONTROL NUMBER IDENTIFIER
control field EG-ScBUE
005 - DATE AND TIME OF LATEST TRANSACTION
control field 20250512093856.0
008 - FIXED-LENGTH DATA ELEMENTS--GENERAL INFORMATION
fixed length control field 170929t2026 ilua f 001 0 eng d
020 ## - INTERNATIONAL STANDARD BOOK NUMBER
International Standard Book Number 9798888175743
040 ## - CATALOGING SOURCE
Original cataloging agency DLC
Language of cataloging eng
Description conventions rda
Transcribing agency DLC
Modifying agency DLC
-- EG-ScBUE
082 04 - DEWEY DECIMAL CLASSIFICATION NUMBER
Classification number 687.0688
Edition number 22
Item number QUI
100 1# - MAIN ENTRY--PERSONAL NAME
Personal name Quinlan, Cindy,
Relator term author.
245 10 - TITLE STATEMENT
Title Fashion marketing & merchandising /
Statement of responsibility, etc Cindy Quinlan, EdS, marketing and wntrepreneurship teacher, Brookwood High School, Gwinnett Country Public Schools, Snellville, Georgia, Mary G. Wolfe, Virginia Beach, Virginia ; contributing author, Katherine A. Shaw, PhD, associate professor, Department of Art & Design, Eastern Illinois University, Charleston, Illinois.
246 3# - VARYING FORM OF TITLE
Title proper/short title Fashion marketing and merchandising
250 ## - EDITION STATEMENT
Edition statement Sixth edition.
264 #1 - PUBLICATION, DISTRIBUTION, ETC. (IMPRINT)
Place of publication, distribution, etc Tinley Park, IL :
Name of publisher, distributor, etc The Goodheart-Willcox Company, Inc.,
Date of publication, distribution, etc [2026]
264 #4 - PUBLICATION, DISTRIBUTION, ETC. (IMPRINT)
Date of publication, distribution, etc c2026
300 ## - PHYSICAL DESCRIPTION
Extent xvi, 640 pages :
Other physical details color illustrations ;
Dimensions 28 cm
336 ## - CONTENT TYPE
Content type term text
Content type code txt
Source rdacontent
337 ## - MEDIA TYPE
Media type term unmediated
Media type code n
Source rdamedia
338 ## - CARRIER TYPE
Carrier type term volume
Carrier type code nc
Source rdacarrier
500 ## - GENERAL NOTE
General note "Previously published as The World of Fashion Merchandising by Mary G. Wolfe."
500 ## - GENERAL NOTE
General note Includes index.
650 #7 - SUBJECT ADDED ENTRY--TOPICAL TERM
Topical term or geographic name as entry element Fashion merchandising.
Source of heading or term BUEsh
650 #7 - SUBJECT ADDED ENTRY--TOPICAL TERM
Topical term or geographic name as entry element Fashion merchandising
General subdivision Vocational guidance.
Source of heading or term BUEsh
653 ## - INDEX TERM--UNCONTROLLED
Arrived date list May2025
Resource For college Arts and Design
655 ## - INDEX TERM--GENRE/FORM
Form subdivision Reading book
700 1# - ADDED ENTRY--PERSONAL NAME
Personal name Wolfe, Mary Gorgen,
Dates associated with a name 1941-
Relator term author.
700 1# - ADDED ENTRY--PERSONAL NAME
Personal name Shaw , Katherine A. ,
Relator term contributer.
942 ## - ADDED ENTRY ELEMENTS (KOHA)
Source of classification or shelving scheme Dewey Decimal Classification
Koha item type Book - Borrowing
Holdings
Withdrawn status Lost status Source of classification or shelving scheme Damaged status Not for loan Collection code Home library Current library Shelving location Date acquired Source of acquisition Cost, normal purchase price Serial Enumeration / chronology Total Checkouts Full call number Barcode Date last seen Cost, replacement price Price effective from Koha item type
    Dewey Decimal Classification     Baccah Central Library Central Library First floor 12/05/2025 Purchase 11369.00 39240   687.0688 QUI 000057325 15/07/2025 14211.25 12/05/2025 Book - Borrowing